000 00980 a2200253 4500
001 166
005 20260407155414.0
008 260407a2003 arg spa d
003 AR-UNSa-BCEJYS
040 _aAR-UNSa-BCEJYS
_bspa
_cAR-UNSa-BCEJYS
080 _a004.67*E:658
_xExcel para Administración de Empresas
245 1 0 _aAdministración de recursos humanos con Microsoft Access y Excel
020 _a987-1046-03-0
264 1 _aBuenos Aires :
_bOmicron System
_c2003
300 _a235 p.
_c23 cm
505 _a1. Gestión de RRHH por medio de la administración de sus competencias - 2. Capacitación - 3. Herramientas de Gestión de RRHH
041 _aspa
942 _cBK
590 _aniveau_biblio:m niveau_hierar:0
100 1 _aGarcía Fronti, Inés M.
700 1 _aGaito, Horacio
700 1 _aGarcía Fronti, Javier I.
856 4 1 _uhttps://biblioeco.unsa.edu.ar/pmb/images/libros/Administracion de Recursos Humanos (gaito).jpg
_yImagen de portada
_qimage/jpeg
999 _c127
_d127